|
|
|
|
| LEADER |
00000nam0a2200000 4500 |
| 001 |
182386 |
| 005 |
20231101223703.0 |
| 010 |
|
|
|a 9785699269969
|
| 035 |
|
|
|a (RuTPU)RU\TPU\book\197721
|
| 090 |
|
|
|a 182386
|
| 100 |
|
|
|a 20100621d2009 km y0rusy50 ca
|
| 101 |
0 |
|
|a rus
|
| 102 |
|
|
|a RU
|
| 105 |
|
|
|a a z 001zy
|
| 200 |
1 |
|
|a Локальная сеть
|f А. А. Борисенко
|
| 205 |
|
|
|a 2-е изд.
|
| 210 |
|
|
|a Москва
|c Эксмо
|d 2009
|
| 215 |
|
|
|a 192 с.
|c ил.
|
| 225 |
1 |
|
|a Просто как дважды два
|
| 320 |
|
|
|a Предметный указатель: с. 186-187.
|
| 330 |
|
|
|a Данное издание посвящено созданию простых сетей — проводных и беспроводных. В современном мире для оперативного обновления программного обеспечения, быстрого обмена любого рода информацией, а также использования электронной почты просто необходимо соединять компьютеры в сеть. В настоящее время для этого даже не нужно дополнительное программное обеспечение, поскольку все необходимые средства уже встроены в операционную систему, установленную на вашем компьютере. Однако такие нововведения требуют от пользователя дополнительных знаний. На самом деле работать с компьютерными сетями совсем несложно, достаточно лишь знать несколько основных правил и понятий, чтобы создать собственную домашнюю сеть с выходом в Интернет.
|
| 606 |
1 |
|
|a Локальные сети
|2 stltpush
|3 (RuTPU)RU\TPU\subj\40598
|9 60441
|
| 610 |
1 |
|
|a компьютерные сети
|
| 610 |
1 |
|
|a сетевая инфраструктура
|
| 610 |
1 |
|
|a построение
|
| 610 |
1 |
|
|a сетевые протоколы
|
| 610 |
1 |
|
|a конфигурация
|
| 610 |
1 |
|
|a беспроводные сети
|
| 610 |
1 |
|
|a серверные сети
|
| 610 |
1 |
|
|a Интернет
|
| 610 |
1 |
|
|a Web-узлы
|
| 610 |
1 |
|
|a создание
|
| 610 |
1 |
|
|a сетевая безопасность
|
| 610 |
1 |
|
|a компьютерные вирусы
|
| 610 |
1 |
|
|a проблемы
|
| 610 |
1 |
|
|a устранение
|
| 675 |
|
|
|a 681.324
|v 3
|
| 700 |
|
1 |
|a Борисенко
|b А. А.
|g Алексей Александрович
|
| 801 |
|
1 |
|a RU
|b 63413507
|c 20100621
|
| 801 |
|
2 |
|a RU
|b 63413507
|c 20160118
|g RCR
|
| 942 |
|
|
|c BK
|
| 959 |
|
|
|a 43/20100617
|d 2
|e 100,00
|f АНЛ:1
|f ЧЗТЛ:1
|